| 000 | 00851nam a2200205 a 4500 | ||
|---|---|---|---|
| 003 | 0 | ||
| 005 | 20250424140508.0 | ||
| 008 | 970114s19uu xx 00 eng d | ||
| 050 |
_aPGS PN 1992.3.T4 _b.G625 2003 |
||
| 100 | _aGolez, Princess Roseann A. | ||
| 245 |
_aA survey on the effects of watching soap operas to grade six students of Southville International School / _cPrincess Roseann A. Golez. |
||
| 260 |
_aLas PiƱas City, Philippines : _bSouthville International School and Colleges, _c2003. |
||
| 300 |
_a26 pages : _bcolored illustrations ; _c28 cm. |
||
| 504 | _aIncludes bibliographical references. | ||
| 650 |
_aSoap operas _vPsychological aspects. |
||
| 650 |
_aSoap operas _vSocial aspects. |
||
| 650 |
_aTelevision viewers _vEffect of television viewing on. |
||
| 650 |
_aChildren _vEffect of television on. |
||
| 942 |
_2lcc _cPASS |
||
| 999 |
_c96865 _d96865 |
||